000 00332nam a22001457a 4500
003 SGT
082 _a617.645
_bC17N
100 _aNebhnani, Komal
245 _aCaries risk assessment
260 _aGurugram, Haryana
_bSGT University
_c2017
300 _a64
650 _aPediatric Dentistry
653 _aCaries
942 _2ddc
_cTH
999 _c25601
_d25601